Homebuyers Survey and Valuation ₁ Market Value or Open Market Value? (Record no. 73210)

MARC details
000 -LEADER
fixed length control field 00907cam a2200217 4500
001 - CONTROL NUMBER
control field ABS66942
008 - FIXED-LENGTH DATA ELEMENTS--GENERAL INFORMATION
fixed length control field 030811n2003 000 0 eng u
035 ## - SYSTEM CONTROL NUMBER
System control number (Sirsi) u123258
100 ## - MAIN ENTRY--PERSONAL NAME
Personal name McDonough, S.
245 ## - TITLE STATEMENT
Title Homebuyers Survey and Valuation ₁ Market Value or Open Market Value?
260 ## - PUBLICATION, DISTRIBUTION, ETC.
Date of publication, distribution, etc. 2003
490 ## - SERIES STATEMENT
Series statement RICS Feature
Volume/sequential designation 7 July 2003 (2)
520 ## - SUMMARY, ETC.
Summary, etc. Feature by Samantha McDonough of RICS Professional Information considering the definitions of 'Market Value' and 'Open Market Value' in relation to the Homebuyer Survey and Valuation.
590 ## - LOCAL NOTE (RLIN)
Local note ABS
650 ## - SUBJECT ADDED ENTRY--TOPICAL TERM
Topical term or geographic name entry element BUILDING SURVEYS
650 ## - SUBJECT ADDED ENTRY--TOPICAL TERM
Topical term or geographic name entry element RICS HOMEBUYER SURVEY AND VALUATION
650 ## - SUBJECT ADDED ENTRY--TOPICAL TERM
Topical term or geographic name entry element RESIDENTIAL SURVEYS
690 ## - LOCAL SUBJECT ADDED ENTRY--TOPICAL TERM (OCLC, RLIN)
Topical term or geographic name as entry element VALUATION AND INVESTMENT APPRAISAL-HOMEBUYER SURVEY AND VALUATION
856 ## - ELECTRONIC LOCATION AND ACCESS
Uniform Resource Identifier <a href="https://www.rics.org/RICSWEB/getpage.aspx?p=8zQIe3YKq0ys7B9YLYcoAw">https://www.rics.org/RICSWEB/getpage.aspx?p=8zQIe3YKq0ys7B9YLYcoAw</a>
Hours access method available View the feature on the RICS website
942 ## - ADDED ENTRY ELEMENTS (KOHA)
Suppress in OPAC 0
Holdings
Withdrawn status Lost status Source of classification or shelving scheme Damaged status Not for loan Home library Current library Shelving location Date acquired Total Checkouts Full call number Barcode Date last seen Copy number Price effective from Koha item type
    Dewey Decimal Classification     London London Journal article 11/08/2003   ABS66942 123258-1001 06/08/2019 1 06/08/2019 Journal article